00352pab a2200121 454500008004000000100002300040245010600063260000900169300001300178362001100191650001300202773001500215180718b2010 xxu||||| |||| 00| 0 eng d aGhosh, Dipak Kumar aJnaneshwari express sabotage and mass murder case: another battle between the CBI and West Bengal CID c2010 ap.17-19. a10 Jul aRailways aMainstream